| 000 | 00684nam a2200253Ia 4500 | ||
|---|---|---|---|
| 003 | OSt | ||
| 005 | 20220927110349.0 | ||
| 006 | a|||||r|||| 00| 0 | ||
| 007 | ta | ||
| 008 | 220926b |||||||| |||| 00| 0 eng d | ||
| 024 | _a42876 | ||
| 037 | _cReports | ||
| 040 |
_aRTL _cRTL _beng |
||
| 041 |
_2eng _aeng |
||
| 082 | _a"X:191.252(Y31)s, GD" | ||
| 110 |
_aUttar Pradesh _9350962 |
||
| 245 | 0 | _aCapital formation by households in rural areas of Uttar Pradesh | |
| 300 |
_a63p. _ccm. |
||
| 490 | _a"Its Bulletin, 45" | ||
| 650 | _aCapital Formation | ||
| 700 |
_aUttar Pradesh _9350963 |
||
| 942 |
_h"X:191.252(Y31)s, GD" _cCC |
||
| 999 |
_c695836 _d695836 |
||